000
00279nam a2200133Ia 4500
100
_a
Ram/ B.
250
_a
5
942
_c
BK
654
_a
microprocessors
245
_a
Microprocessors and microcomputers
260
_b
Dhanpat Rai
_c
2001
082
_a
4.16
546
_a
ENGLISH
999
_c
24671
_d
24671